000
00332nam a2200133Ia 4500
008
240624s9999 xx 000 0 und d
041
_a
eng
082
_a
658.827 AAK
100
_a
AAKER DAVID A
245
_a
BUILDING STRONG BRANDS
260
_c
1996
_a
New York
_b
Free Press NY
300
_a
ix, : 380 : p. : cm. ; 23
365
_c
_b
20
999
_c
6888
_d
6888